MARC

LEADER 00000nam0a2200000 4500
001 683630
005 20260112173754.0
090 |a 683630 
100 |a 20251208d1978 km|y0rusy50 ca 
101 1 |a eng  |c rus 
102 |a RU 
105 |a a g 001yy 
181 0 |a i   |b  e  
182 0 |a n 
183 0 |a nc  |2 RDAcarrier 
200 1 |a Справочник молодого прибориста (нефтепереработка и нефтехимия)  |d Instrumentation manual (petroleum processing and petro-chemical industries)  |e пер. с рус.  |f И. Б. Вайнберг  |z eng 
203 |a Текст  |b визуальный  |c непосредственный 
210 |a Москва  |c Мир  |d 1978 
215 |a 256 с.  |c ил. 
283 |a volume  |2 RDAcarrier 
300 |a На английском языке 
320 |a Библиография: с. 253 
320 |a Указатель: с. 254-256 
606 |a Контрольно-измерительные инструменты и приборы в нефтяной промышленности  |2 stltpush  |3 (RuTPU)RU\TPU\subj\33769  |9 55913 
610 1 |a метрология 
610 1 |a анализаторы 
610 1 |a лабораторная аппаратура 
610 1 |a пневматические приборы 
610 1 |a измерительные приборы 
610 1 |a машины контроля 
610 1 |a исполнительные механизмы 
610 1 |a взрывозащита 
610 1 |a техника безопасности 
610 1 |a вспомогательные материалы 
610 1 |a справочники 
610 1 |a английский язык 
675 |a 665.6.02  |v 4 
700 1 |a Вайнберг  |b И. Б.  |g Илья Бениаминович 
801 0 |a RU  |b 63413507  |c 20251208 
830 |a Ретро2025Каталогизация 
850 |a 63413507 
942 |c BK